Dairy farmers' digest.

Bibliographic Details
New Title:Dairy farmers' digest and poultry news
Uniform Title:Dairy farmers' digest (Metuchen, N.J. : 1939)
Format: Microform Journal
Language:English
Published: Metuchen, N.J. : Farm Digest Pub. Co., [1939-1942]
Series:Agrarian periodicals in the United States, 1920-1960.
Subjects:

MARC

Tag First Indicator Second Indicator Subfields
LEADER 00000cas a2200000Ia 4500
001 in00003774501
005 20170927135838.0
007 hd bfb---baca
008 050513d19391942njumr p a 0 0eng d
019 |a 50211018 
035 |a (OCoLC)ocm60706806 
035 |a (OCoLC)60706806  |z (OCoLC)50211018 
040 |a AGL  |b eng  |c AGL  |d AGL  |d CRL  |d OCLCQ  |d OCLCF  |d OCLCO  |d TXA  |d UtOrBLW 
043 |a n-use--  |a n-us--- 
049 |a TXAM 
070 0 |a Film  |b S-2504 
090 |a SF221  |b .D26 
130 0 |a Dairy farmers' digest (Metuchen, N.J. : 1939) 
245 1 0 |a Dairy farmers' digest. 
264 1 |a Metuchen, N.J. :  |b Farm Digest Pub. Co.,  |c [1939-1942] 
300 |a 6 volumes :  |b illustrations ;  |c 28 cm. 
310 |a Monthly 
336 |a text  |b txt  |2 rdacontent 
337 |a microform  |b h  |2 rdamedia 
338 |a microfilm reel  |b hd  |2 rdacarrier 
362 0 |a Vol. 1, no. 1 (Nov. 15, 1939)- v. 6, no. 4 (Aug. 20, 1942). 
500 |a Title from caption. 
500 |a "Group B." 
533 |a Microfilm.  |m v.1-6 (1939-1942)  |b Westport, Conn. :  |c Greenwood Press,  |d [1978?] ;  |b Bethesda, Md. :  |c University Publications of America [distributor].  |e 1 microfilm reel ; 35 mm.  |f (Agrarian periodicals in the United States, 1920-1960)  |n Microfilmed with: Dairy farmers' digest and poultry news. 
500 |a Microform. 
650 0 |a Dairying  |z Northeastern States  |v Periodicals. 
650 0 |a Dairy products industry  |z United States  |v Periodicals. 
650 0 |a Farmers  |x Political activity  |z United States  |v Periodicals. 
650 7 |a Dairy products industry.  |2 fast  |0 (OCoLC)fst00886999 
650 7 |a Dairying.  |2 fast  |0 (OCoLC)fst00887030 
650 7 |a Farmers  |x Political activity.  |2 fast  |0 (OCoLC)fst00921352 
651 7 |a Northeastern States.  |2 fast  |0 (OCoLC)fst01242521 
651 7 |a United States.  |2 fast  |0 (OCoLC)fst01204155 
655 7 |a Periodicals.  |2 fast  |0 (OCoLC)fst01411641 
785 0 0 |t Dairy farmers' digest and poultry news  |w (OCoLC)60706719 
830 0 |a Agrarian periodicals in the United States, 1920-1960. 
994 |a C0  |b TXA 
999 f f |s 81b82d37-1bfe-3e23-af7e-fc9826e9a5ae  |i cb505f61-4e88-32c9-87bd-39c6cbe43611  |t 0 
952 f f |p ric  |a Texas A&M University  |b Rellis Campus  |c Joint Library Facility  |d Remote Storage  |t 0  |e SF221 .D26 [microfilm]  |h Library of Congress classification  |i microform -- microfilm reel  |k v.1-8; v.1-7:no.3(87)  |l 1939:Nov.-1943:May; 1943:June-1945:Dec. [microfilm]  |m A14836344918 
998 f f |a SF221 .D26 [microfilm]  |s v.6:no.1-4 (1942:May/Aug.)  |t 0  |l Remote Storage